000 00857nam a2200265Ia 4500
003 OSt
005 20220923211159.0
006 a|||||r|||| 00| 0
007 ta
008 220922b |||||||| |||| 00| 0 hin d
020 _a8188124664 (hbk)
_c60
024 _a233,838
037 _b427, 04/03/2008, University Book House
_cTextual
040 _aARTS
_cARTS
_bhin
041 _2hin
_ahin
082 _aO152,2N30,FA, P5
100 _aशंकर शेष
_9159216
245 0 _aफंदी
246 _aFandī
260 _aदिल्ली
_b विकास पेपर बैक्स
_c2005
300 _a72पृ.
_ccm.
650 _aहिन्दी साहित्य
_9156264
942 _hO152,2N30,FA, P5
_cTEXL
_2CC
999 _c296414
_d296414